banner-ar

الادب المصرى من الفتح الاسلامى حتى العصر العثمانى / (Record no. 66025)

MARC details
000 -الفاتح
حقل البيانات ثابتة الطول 00842nam a22002177a 4500
005 - وقت وتاريخ اخر تعامل مع التسجيلة
رقم الضبط 20240530110855.0
008 - عناصر البيانات ثابتة الطول - معلومات عامة
حقل البيانات ثابتة الطول 211004s2020 ua a g b 000 0 ara d
017 ## - رقم الايداع القانونى
المصدر ( الهيئة المختصة) مصر. دار الكتب
رقم الايداع القانونى 2020/3155
020 ## - الرقم الدولى المعيارى للكتب
الرقم الدولى المعيارى للكتاب 9789779126777
040 ## - مصدر الفهرسة
وكالة الفهرسة الأصلية EG-CaGPL
وكالة النسخ EG-CaGPL
082 04 - رقم تصنيف ديوى العشرى
رقم الطبعة 21
رقم التصنيف 810.9962
رقم المادة ق / ع أ
100 0# - المدخل الرئيسى - إسم شخصى
الإسم الشخصى عوض الغبارى
245 12 - بيان العنوان
العنوان الادب المصرى من الفتح الاسلامى حتى العصر العثمانى /
بيان المسئوليه,etc عوض الغبارى
250 ## - بيان الطبعة
بيان الطبعة ط.1
260 ## - PUBLICATION, DISTRIBUTION, ETC. (IMPRINT)
تاريخ النشر أو التوزيع 2020
300 ## - الوصف المادى
التعداد 371 ص. ؛
أبعاد الوعاء 24 سم.
650 07 - المدخل الاضافى بالموضوع-مصطلح موضوعى
مصطلح موضوعي الادب العربى
مصدر الرأس أو المصطلح qrmak
التقسيم الفرعي العام تاريخ
التقسيم الفرعي الجغرافي مصر
650 07 - المدخل الاضافى بالموضوع-مصطلح موضوعى
مصطلح موضوعي الادب العربى
مصدر الرأس أو المصطلح qrmak
التقسيم الفرعي العام تاريخ
التقسيم الفرعي الزمني عصر صدر الاسلام
التقسيم الفرعي الجغرافي مصر
651 ## - المدخل الاضافى بالموضوع - اسم جغرافى
مصدر الرأس أو المصطلح qrmak
942 ## - عناصر المدخل الإضافي( كوها)
مصدر التصنيف او مخطط الترفيف Dewey Decimal Classification
Koha [default] item type كتاب
260 ## - PUBLICATION, DISTRIBUTION, ETC. (IMPRINT)
-- القاهرة :
-- الهيئة المصرية العامة للكتاب،
Holdings
حالة التراجع حالة الفقد حالة تلف ليس للاعارة المكان المؤقت الموقع الحالى موقع الترفيف تاريخ الاكتساب اجمالي اﻻعارات رقم الطلب الباركود تاريخ اخر مشاهدة تاريخ تفعيل السعر نوع وعاء كوها
        مكتبة القاهرة الكبرى مكتبة القاهرة الكبرى   10/04/2021   810.9962 ق / ع أ 167172 10/04/2021 10/04/2021 كتاب

Powered By

EGPV